000 00329nam a2200121Ia 4500
008 210430s9999 xx 000 0 und d
082 _a954 K511 M
100 _aBruce King
_953304
245 _aModern Indian Poetry in English
_cBruce King
260 _aIndia
_bOxford Univeristy Press
_c2001
300 _a415p
942 _cBK
_2ddc
999 _c563252
_d563252